00982nam a2200253 a 450000100060000000300080000600500170001400800410003102000150007203500190008704000270010604100080013308200280014124501050016926000670027430000350034149001020037650000200047865000830049870000290058171000410061083000420065183000350069359362BD-RjUL20211209080724.0161224s1989 enka b 101 0 eng  a0674547705 a(BD-RjUL)59486 aDLCcDLCdBD-RjULbeng aeng00a658.00952223bMAN 198910aManaging industrial enterprise :bcases from Japan's prewar experience /cedited by William D. Wray. aLondon ;bDistributed by the Harvard University Press,cc1989. axiii, 442 p. :bill. ;c24 cm.1 aHarvard East Asian monographs ;v142.aSubseries on the history of Japanese business and industry aIncludes index. 0aIndustrial managementzJapanxHistoryy20th centuryxCase studiesxCongresses.1 aWray, William D.,d1943-2 aJoint Committee on Japanese Studies. 0aHarvard East Asian monographs ;v142. 0aHarvard East Asian monographs.